|
|
|
|
| LEADER |
00000nam a22000007a 4500 |
| 005 |
20220824224649.0 |
| 007 |
cr|||| |||| |
| 008 |
220824s2021 pe |||||s|||| 00||0 spa d |
| 020 |
|
|
|a 9786123252274
|
| 035 |
|
|
|a 36955
|
| 040 |
|
|
|a vLex
|
| 090 |
|
|
|c 13820
|d 13820
|
| 100 |
1 |
|
|a Pozzolo, Susana
|
| 245 |
1 |
0 |
|a Derecho, derechos y pandemia
|h [Recurso electrn̤ico] /
|c Susana Pozzolo, Jos ̌Juan Moreso, Pedro P. Grǹdez
|
| 256 |
|
|
|a Servicio en ln̕ea
|
| 260 |
|
|
|a Lima:
|b Palestra Editores,
|c 2021
|
| 300 |
|
|
|a 1 recurso electrn̤ico
|
| 500 |
|
|
|a En el contexto actual del COVID-19, la presente obra ren︢e una serie de escritos de autores de distintas latitudes, en los cuales se narra la manera en la que la pandemia ha incidido sobre los derechs de las personas, y en algunos casos ha desnudado una desproteccin̤ que vena̕ de antes. En esa ln̕ea, el presente volumen no es sino una invitacin̤ a la reflexin̤ sobre la importancia de la proteccin̤ de los derechos, ms̀ aun en un contexto en el que las condiciones afectan a las personas ms̀ vulnerables, y el rol que debera̕n tomar los Estados ante tal situacin̤.
|
| 506 |
1 |
|
|a Disponible solo en los productos indicados
|d vLex Global
|d vLex Global (Academic Edition, excluding Law Schools)
|d vLex Global (U.S. Academic Edition, Law Schools)
|d vLex Global (U.S. Academic Edition, excluding Law Schools)
|d vLex Global (Academic Edition, Law Schools)
|
| 650 |
0 |
4 |
|a Derecho Constitucional
|z Per︢
|
| 650 |
0 |
4 |
|a Economa̕ Espaǫla
|z Per︢
|
| 700 |
1 |
|
|a Moreso, Jos ̌Juan
|
| 700 |
1 |
|
|a Grǹdez, Pedro P.
|
| 740 |
0 |
|
|a vLex Libros (Servicio en ln̕ea)
|
| 856 |
4 |
0 |
|u https://app.vlex.com/#/sources/36955
|z Acceso restringido
|
| 942 |
|
|
|c BOOK
|
| 999 |
0 |
|
|a Constitutional Law
|
| 999 |
0 |
|
|a Spanish Economy
|